Responses for Show #7995 - Friday, May 17, 2019

2019 Teachers Tournament final game 2.

Contestants

[<< previous game]

Sara DelVillano, a middle school instrumental music teacher from Lanham, Maryland (subtotal of $4,800)

Francois Barcomb, an 11th grade physics teacher from New Paltz, New York (subtotal of $20,400)

Conor Quinn, a high school world history teacher from Albany, New York (subtotal of $5,600)

[next game >>]

Jeopardy! Round responses

MVP! MVP!
AND A BOOK
FILL IN THE STATE
SOMETIMES CAPITALIZED
THE 2010s
NOT THE MAMA!
    $200 1
the New York Yankees

Conor
    $200 26
(Alex: With less than a minute to go.)

C.S. Lewis

Francois
    $200 3
Minnesota

Conor
    $200 11
Lent/lent

Conor
    $200 25
Syria

Conor
    $200 20
Rapunzel

Conor
    $400 2
Larry Bird

Sara
    $400 27
the Roman Empire

Conor
    $400 7
California

Conor
    $400 13
fiat/Fiat

Francois
    $400 18
A Star is Born

Sara
    $400 21
Loki

Francois
    $600 4
Julian Edelman

Conor
    $600 28
Paul Gauguin

Conor
    $600 8
Alabama

Conor
    $600 14
catholic/Catholic

Francois
    $600 12
Raúl Castro

Francois
    $600 22
Pollyanna

Sara
    $800 5
(Sara: What is running back?)
...
(Alex: We're talking hockey.)

goaltender

ConorSara
    $800 29
win friends and influence people

Francois
    $800 9
Alaska

Conor
    $800 15
(Alex: [Calling on Sara] Sam?)
(Sara: What is Metropolitan/metropolitan?)
(Alex: No.)
(Sara: Sorry. Cos--)
[Originally ruled incorrect; ruled correct during contestant interviews]

Cosmopolitan/cosmopolitan (or Metropolitan/metropolitan)

ConorSara
    $800 16
Zika

Conor
    $800 23
buttons

Sara
    $1000 6
(Conor: What is Golden Ball?)

Golden Boot

ConorSara
    $1,000 30
D.H. Lawrence

Francois
    $1000 10
Ohio

Francois
    $1000 19
Natal/natal

Francois
    $1000 17
a comet

Francois
    $1000 24
Moses

Sara

Scores at the first commercial break (after clue 15):

Conor Francois Sara
$3,600 $2,600 $1,400

Scores at the end of the Jeopardy! Round:

Conor Francois Sara
$5,800 $7,000 $4,200

Double Jeopardy! Round responses

V.I.P.! V.I.P.!
ART: THE LAST 150 YEARS
FIRE & ICE
GET "SET"
THE WAR ON BACTERIA
CELEBS ON SOCIAL MEDIA
    $400 7
Harriet Beecher Stowe

Conor
    $400 11
(Conor: Who are post-Impressionists?)

the Impressionists

ConorSara
    $400 16
Long Island

Francois
    $400 21
an asset

Conor
    $400 26
(Alex: Less than a minute now.)

pasteurization

Conor
    $400 5
Amy Poehler

Triple Stumper
    $800 8
Iran

Francois
    $800 2
Dada

Sara
    $800 17
Homeland Security

Sara
    $800 22
a settler

Sara
    $800 27
alcohol

Francois
    $800 6
Bob Marley

Francois
    $1200 9
Mark Antony

Francois
    $1200 1
Quetzalcoatl

Conor
    $1200 18
(Sara: What is nitrogen?)

carbon dioxide

FrancoisSara
    $1200 23
a settee

Francois
    $1200 28
salmonella

Francois
    $1200 13
Cody

Sara
    $1600 10
Lafayette

Sara
    $1600 3
Klimt

Sara
    $1600 19
succulents

Francois
    $1600 24
a typesetter

Sara
    $1600 29
folic acid

Triple Stumper
    $1600 14
Snapchat

Conor
    $3,000 12
(Henry) Hudson

Sara
    $2000 4
(Piet) Mondrian

Conor
    $1,000 20
St. Elmo's fire

Francois
    $2000 25
a setback

Francois
    $2000 30
ribosomes

Francois
    $2000 15
Meghan McCain

Conor

Scores at the end of the Double Jeopardy! Round:

Conor Francois Sara
$13,400 $21,200 $14,800
(lock tournament)

[wagering suggestions for these scores]

Final Jeopardy! Round responses

PHOTO SHARING
[Amazon Alexa reads the Final Jeopardy! clue.]
ConorWhat is National Geographic?
$13,000
SaraWhat is The National Geographic?
$0
FrancoisWhat is National Geog.?
$0
National Geographic

Final scores:

Conor Francois Sara
$26,400 $21,200 $14,800

Cumulative scores:

Conor Francois Sara
$32,000 $41,600 $19,600
1st runner-up: $50,000 Tournament champion: $100,000 2nd runner-up: $25,000

Game dynamics:

Coryat scores:

Conor Francois Sara
$13,400 $22,200 $13,800
21 R,
2 W
22 R
(including 2 DDs),
0 W
16 R
(including 1 DD),
2 W

Combined Coryat: $49,400

[game clues] [game scores] [suggest correction]

Game tape date: 2019-04-02
The J! Archive is created by fans, for fans. Scraping, republication, monetization, and malicious use prohibited; this site may use cookies and collect identifying information. See terms. The Jeopardy! game show and all elements thereof, including but not limited to copyright and trademark thereto, are the property of Jeopardy Productions, Inc. and are protected under law. This website is not affiliated with, sponsored by, or operated by Jeopardy Productions, Inc. Join the discussion at JBoard.tv.